Orlando Magic: Most Dunks Each Year - Statistics

General Stats
  • This quiz has been taken 258 times
    62 since last reset
  • The average score is 15 of 23
Answer Stats
Year Player Dunks % Correct
2004-2005 Dwight Howard 162
98%
2005-2006 Dwight Howard 214
98%
2006-2007 Dwight Howard 254
98%
2007-2008 Dwight Howard 269
98%
2008-2009 Dwight Howard 202
98%
2009-2010 Dwight Howard 197
98%
2010-2011 Dwight Howard 227
98%
2011-2012 Dwight Howard 137
98%
2023-2024 Paolo Banchero 80
85%
2021-2022 Wendell Carter Jr. 90
72%
2022-2023 Wendell Carter Jr. 84
72%
2014-2015 Nikola Vucevic 56
64%
2015-2016 Aaron Gordon 72
55%
2016-2017 Aaron Gordon 99
55%
2017-2018 Aaron Gordon 92
55%
2018-2019 Aaron Gordon 104
55%
2019-2020 Aaron Gordon 88
55%
2001-2002 Tracy McGrady 114
55%
2002-2003 Tracy McGrady 79
55%
2003-2004 Tracy McGrady 53
55%
2020-2021 Mo Bamba 38
23%
2012-2013 Maurice Harkless 68
6%
2013-2014 Maurice Harkless 60
6%
No matching quizzes found
Score Distribution
Percent of People with Each Score
Percentile by Number Answered
Your Score History
You have not taken this quiz since the last reset